[Event "Abitibi-Temiscamingue op"]
[Site "Abitibi CAN"]
[Date "1988.04.15"]
[Round "1"]
[White "Gagnon, Fabien"]
[Black "Cote, Etienne"]
[Result "0-1"]
[WhiteElo "1720"]
[BlackElo "1900"]
[PlyCount "58"]
[GameId "2160767912586401"]
[EventDate "1988.04.15"]
[EventType "swiss"]
[EventRounds "5"]
[EventCountry "CAN"]

1. e4 e5 2. Nc3 Bc5 3. Bc4 Nf6 4. f4 O-O 5. fxe5 Nxe4 6. Nxe4 Qh4+ 7. Ng3 Qxc4 8. Nf3 Nc6 9. b3 Qe6 10. Bb2 Nxe5 11. Nxe5 d6 12. Ne4 Bb6 13. Ng5 Qh6 14. h4 dxe5 15. Qe2 Qc6 16. O-O-O Bf5 17. d3 Bd4 18. g4 Be6 19. Ne4 Bd5 20. g5 Bxe4 21. dxe4 Rad8 22. h5 a5 23. Qf3 Bxb2+ 24. Kxb2 a4 25. Qg2 Rd4 26. Rxd4 exd4 27. Rd1 Qc3+ 28. Kc1 axb3 29. Rd3 bxa2 0-1

[Event "Abitibi-Temiscamingue op"]
[Site "Abitibi CAN"]
[Date "1988.04.16"]
[Round "2"]
[White "Brousseau, Yvan"]
[Black "Gagnon, Fabien"]
[Result "0-1"]
[WhiteElo "1600"]
[BlackElo "1720"]
[PlyCount "86"]
[GameId "2160767912586402"]
[EventDate "1988.04.15"]
[EventType "swiss"]
[EventRounds "5"]
[EventCountry "CAN"]

1. e4 c5 2. Nf3 e6 3. d4 cxd4 4. Nxd4 Nf6 5. Nc3 d6 6. Be2 Be7 7. O-O O-O 8. Be3 Nc6 9. f4 a6 10. g4 Bd7 11. h3 Qc7 12. Qe1 Nxd4 13. Bxd4 Bc6 14. Bd3 e5 15. Be3 b5 16. a3 Qb7 17. fxe5 dxe5 18. Bg5 Rae8 19. Rxf6 Bxf6 20. Bxf6 gxf6 21. Qf2 Re6 22. Rf1 Rd8 23. Kh2 Red6 24. Qh4 Rxd3 25. cxd3 Rxd3 26. Qxf6 Qd7 27. Rf5 Rd2+ 28. Kg3 Rd6 29. Rg5+ Kf8 30. Qh8+ Ke7 31. Rxe5+ Re6 32. Rxe6+ Qxe6 33. Qxh7 a5 34. Qf5 Qd6+ 35. Qf4 Qd3+ 36. Kh4 b4 37. Qe5+ Kf8 38. Qb8+ Kg7 39. axb4 axb4 40. Qxb4 Qe3 41. Nd5 Qf2+ 42. Kg5 f6+ 43. Kh5 Be8# 0-1

[Event "Abitibi-Temiscamingue op"]
[Site "Abitibi CAN"]
[Date "1988.04.17"]
[Round "4"]
[White "Thibault, Mario"]
[Black "Gagnon, Fabien"]
[Result "0-1"]
[WhiteElo "1600"]
[BlackElo "1720"]
[PlyCount "112"]
[GameId "2160767912586404"]
[EventDate "1988.04.15"]
[EventType "swiss"]
[EventRounds "5"]
[EventCountry "CAN"]

1. Nf3 g6 2. g3 Bg7 3. Bg2 d5 4. d4 Nf6 5. O-O O-O 6. Bf4 Nbd7 7. Qc1 c6 8. Bh6 Qb6 9. Bxg7 Kxg7 10. b3 Ne4 11. c4 Ndf6 12. e3 a5 13. Nfd2 a4 14. Nxe4 Nxe4 15. Nd2 axb3 16. Nxb3 dxc4 17. Qxc4 Be6 18. Qc2 Bxb3 19. Qxe4 Be6 20. Rfb1 Qc7 21. Qe5+ Qxe5 22. dxe5 Rfb8 23. Rb2 Ra6 24. Bf1 Ra5 25. f4 b5 26. a4 Rba8 27. Bg2 R8a6 28. Rb4 c5 29. Rb2 b4 30. Rc1 Rxa4 31. Rxc5 Ra1+ 32. Kf2 b3 33. Bd5 R1a2 34. Rxa2 bxa2 35. Bxa2 Rxa2+ 36. Kg1 Re2 37. Rc3 Bd5 38. e4 Bxe4 39. h4 Rd2 40. Kf1 Rd3 41. Rxd3 Bxd3+ 42. Kf2 h5 43. Ke3 Bf5 44. Kd4 Kf8 45. Kd5 Ke8 46. Kc6 Kd8 47. Kb7 Kd7 48. Kb8 Be4 49. Ka7 Ke6 50. Kb8 Kf5 51. Kc8 Kg4 52. Kd8 Kxg3 53. Kxe7 Kxf4 54. e6 fxe6 55. Kxe6 Bf5+ 56. Kf6 Kg4 0-1

[Event "Abitibi-Temiscamingue op"]
[Site "Abitibi CAN"]
[Date "1988.04.17"]
[Round "5"]
[White "Gagnon, Fabien"]
[Black "Saint-Pierre, Gilles"]
[Result "0-1"]
[WhiteElo "1720"]
[BlackElo "1900"]
[PlyCount "58"]
[GameId "2160767912586405"]
[EventDate "1988.04.15"]
[EventType "swiss"]
[EventRounds "5"]
[EventCountry "CAN"]

1. e4 e6 2. d4 d5 3. e5 c5 4. c3 Nc6 5. Nf3 Qb6 6. a3 Bd7 7. b4 cxd4 8. cxd4 Nge7 9. Be2 Nf5 10. Bb2 Be7 11. O-O O-O 12. g4 Nh4 13. Nbd2 Ng6 14. Re1 f6 15. exf6 Rxf6 16. b5 Nd8 17. a4 Nf7 18. Ba3 Bxa3 19. Rxa3 Qd6 20. Re3 Qf4 21. h3 e5 22. dxe5 Nfxe5 23. Rf1 Nxg4 24. hxg4 Qxg4+ 25. Kh1 Nf4 26. Nh4 Qxh4+ 27. Kg1 Rg6+ 28. Rg3 Rxg3+ 29. fxg3 Qxg3+ 0-1

[Event "Alberta-ch"]
[Site "Calgary CAN"]
[Date "1988.??.??"]
[Round "?"]
[White "Yearwood, Roy"]
[Black "Baunok, Zoltan"]
[Result "1-0"]
[WhiteElo "2087"]
[BlackElo "2190"]
[PlyCount "61"]
[GameId "2160767912586167"]
[EventDate "1988.07.??"]
[EventRounds "7"]
[EventCountry "CAN"]

1. d4 Nf6 2. Nf3 g6 3. Bg5 Bg7 4. e3 c5 5. Nbd2 Qa5 6. c3 cxd4 7. exd4 O-O 8. Bd3 d5 9. O-O Nc6 10. h3 Qc7 11. Re1 Nh5 12. Nf1 f6 13. Bd2 e5 14. Qb3 Qf7 15. c4 Be6 16. Ne3 dxc4 17. Bxc4 Bxc4 18. Nxc4 Rad8 19. dxe5 fxe5 20. Bg5 Nd4 21. Ncxe5 Nxb3 22. Nxf7 Nxa1 23. Nxd8 h6 24. Rxa1 hxg5 25. Ne6 Rf5 26. Rc1 Nf4 27. Rc8+ Kh7 28. Nfxg5+ Kh6 29. Rc7 Nxe6 30. Nxe6 Bxb2 31. g4 1-0

[Event "Alberta-ch"]
[Site "Calgary CAN"]
[Date "1988.05.??"]
[Round "1"]
[White "Willis, Bradley"]
[Black "Gardner, Robert"]
[Result "1-0"]
[WhiteElo "2082"]
[BlackElo "2116"]
[PlyCount "89"]
[GameId "2160767912586168"]
[EventDate "1988.07.??"]
[EventRounds "7"]
[EventCountry "CAN"]
[SourceTitle "Albertabase"]
[SourceDate "2003.08.17"]
[SourceVersion "1"]
[SourceVersionDate "2003.08.17"]
[SourceQuality "1"]

1. b3 e5 2. Bb2 d6 3. c4 Nc6 4. e3 Nf6 5. Nc3 g6 6. a3 Bg7 7. d3 O-O 8. Qc2 Ne7 9. Nf3 c6 10. Be2 Qc7 11. O-O Bf5 12. Rac1 Rac8 13. Rfd1 d5 14. e4 Bg4 15. exd5 Bxf3 16. Bxf3 cxd5 17. Qe2 d4 18. Nb5 Qb8 19. Nxd4 Rfe8 20. Nb5 Nc6 21. b4 a6 22. Bxc6 Rxc6 23. Nc3 e4 24. d4 Bh6 25. Rc2 e3 26. f3 Nh5 27. Nd5 Bf4 28. g4 Ng7 29. Bc1 Rce6 30. Nxf4 Qxf4 31. d5 R6e7 32. Bb2 f5 33. Rd4 Qg5 34. d6 Rd7 35. c5 fxg4 36. Rxg4 Qf5 37. Qc4+ Kh8 38. Re2 Qxf3 39. Rf4 Qh5 40. Qe6 Qg5+ 41. Kh1 Rdd8 42. Qf7 Rg8 43. Rxe3 Qh5 44. Re7 Qh6 45. Rh4 1-0

[Event "Alberta-ch"]
[Site "Calgary CAN"]
[Date "1988.05.??"]
[Round "2"]
[White "Fegyverneki, Barney"]
[Black "Willis, Bradley"]
[Result "1/2-1/2"]
[WhiteElo "2115"]
[BlackElo "2082"]
[PlyCount "84"]
[GameId "2160767912586169"]
[EventDate "1988.07.??"]
[EventRounds "7"]
[EventCountry "CAN"]
[SourceTitle "Albertabase"]
[SourceDate "2003.08.17"]
[SourceVersion "1"]
[SourceVersionDate "2003.08.17"]
[SourceQuality "1"]

1. d4 Nf6 2. c4 e6 3. Nf3 b6 4. Nc3 Bb4 5. e3 Bb7 6. Bd3 Bxc3+ 7. bxc3 Ne4 8. Qc2 f5 9. Ba3 d6 10. O-O O-O 11. Rad1 Qe8 12. Nd2 Nxd2 13. Rxd2 Nd7 14. f3 Qh5 15. e4 Rf6 16. Rdf2 f4 17. Qa4 Rh6 18. h3 Qf7 19. c5 dxc5 20. dxc5 Ne5 21. Ba6 Bc6 22. Bb5 Bxb5 23. Qxb5 c6 24. Qa6 b5 25. Rd1 Re8 26. Bc1 Rf8 27. Rfd2 Qg6 28. Kf1 Rxh3 29. gxh3 Qg3 30. Rf2 Nxf3 31. Qxc6 Qxh3+ 32. Ke2 Ne5 33. Qxb5 Qg4+ 34. Ke1 Nf3+ 35. Rxf3 Qxf3 36. Qd3 Qh1+ 37. Kd2 Qg2+ 38. Ke1 Qh1+ 39. Kf2 Qh2+ 40. Kf1 Qh1+ 41. Kf2 Qh2+ 42. Ke1 Qh4+ 1/2-1/2

[Event "Alberta-ch"]
[Site "Calgary CAN"]
[Date "1988.05.??"]
[Round "6"]
[White "Baunok, Zoltan"]
[Black "Fegyverneki, Barney"]
[Result "1-0"]
[WhiteElo "2199"]
[BlackElo "2115"]
[PlyCount "51"]
[GameId "2160767912586172"]
[EventDate "1988.07.??"]
[EventRounds "7"]
[EventCountry "CAN"]
[SourceTitle "Albertabase"]
[SourceDate "2003.08.17"]
[SourceVersion "1"]
[SourceVersionDate "2003.08.17"]
[SourceQuality "1"]

1. e4 e6 2. Nf3 d5 3. Nc3 Nf6 4. e5 Nfd7 5. d4 c5 6. dxc5 Bxc5 7. Bf4 Bb4 8. a3 Bxc3+ 9. bxc3 Qc7 10. Bd3 Qxc3+ 11. Bd2 Qc7 12. O-O Nc6 13. Re1 h6 14. Qe2 Nb6 15. h3 Bd7 16. Nh2 Ne7 17. Bb4 Bc6 18. Qh5 g6 19. Qh4 Nbc8 20. Ng4 Ng8 21. Re2 Qd8 22. Nf6+ Nxf6 23. exf6 Nd6 24. Bxg6 Kd7 25. Bxd6 Kxd6 26. Qf4+ 1-0

[Event "Alberta-ch"]
[Site "Calgary CAN"]
[Date "1988.05.??"]
[Round "7"]
[White "Sharp, Neil"]
[Black "Baunok, Zoltan"]
[Result "1-0"]
[WhiteElo "2154"]
[BlackElo "2199"]
[PlyCount "113"]
[GameId "2160767912586173"]
[EventDate "1988.07.??"]
[EventRounds "7"]
[EventCountry "CAN"]
[SourceTitle "Albertabase"]
[SourceDate "2003.08.17"]
[SourceVersion "1"]
[SourceVersionDate "2003.08.17"]
[SourceQuality "1"]

1. e4 d5 2. exd5 Nf6 3. d4 Nxd5 4. c4 Nb6 5. Nf3 Bg4 6. c5 N6d7 7. Bc4 e6 8. h3 Bh5 9. Be3 Nc6 10. Nc3 a6 11. a3 Be7 12. b4 Nf6 13. g4 Bg6 14. Ne5 Nxe5 15. dxe5 Ne4 16. Nxe4 Bxe4 17. Qxd8+ Rxd8 18. O-O g5 19. f3 Bd3 20. Bxd3 Rxd3 21. Kf2 Rd5 22. f4 gxf4 23. Bxf4 Bh4+ 24. Kf3 Rd3+ 25. Kg2 Ke7 26. Rf3 Rhd8 27. Raf1 Rxf3 28. Rxf3 Rd1 29. Rb3 c6 30. Kf3 Rd5 31. Re3 Kd7 32. Bg3 Bd8 33. h4 a5 34. g5 a4 35. Kg4 Rd1 36. Kh5 Rb1 37. Kh6 Rb3 38. Bf4 Bc7 39. Kxh7 Rxe3 40. Bxe3 Bxe5 41. h5 Bb2 42. g6 fxg6 43. hxg6 Ke7 44. g7 Bxg7 45. Kxg7 e5 46. Kg6 Ke6 47. Kg5 Kd5 48. Kf5 e4 49. Kf4 Kc4 50. Kxe4 Kb3 51. Kd3 Kxa3 52. Kc3 Ka2 53. b5 cxb5 54. Kb4 a3 55. Bc1 Kb1 56. Bxa3 Ka2 57. Bc1 1-0

[Event "Amateur"]
[Site "Montreal CAN"]
[Date "1988.06.17"]
[Round "1"]
[White "Charest, Johanne"]
[Black "Manuri, Louise"]
[Result "1-0"]
[WhiteElo "1384"]
[BlackElo "1137"]
[PlyCount "63"]
[GameId "2160767912586180"]
[EventDate "1988.06.17"]
[EventType "swiss"]
[EventRounds "5"]
[EventCountry "CAN"]

1. e4 d5 2. exd5 Qxd5 3. Nc3 Qd8 4. Nf3 g6 5. Bc4 Bg7 6. Ng5 e6 7. Nge4 Nf6 8. O-O O-O 9. d3 Nc6 10. Bg5 h6 11. Nxf6+ Bxf6 12. Bxh6 Bg7 13. Bxg7 Kxg7 14. Ne4 Qh4 15. Qf3 Nd4 16. Qe3 Nxc2 17. Qc5 Nxa1 18. Rxa1 Rh8 19. Qd4+ f6 20. h3 b6 21. g3 e5 22. Qd5 Qh7 23. Qf7+ Kh6 24. Qxf6 Bxh3 25. Ng5 Qg7 26. Nf7+ Kh7 27. Qh4+ Kg8 28. Nxh8+ Kf8 29. Qxh3 Rd8 30. Qe6 Re8 31. Nxg6+ Qxg6 32. Qxg6 1-0

[Event "Amateur"]
[Site "Montreal CAN"]
[Date "1988.06.18"]
[Round "2"]
[White "Martinez, Ludwin"]
[Black "Charest, Johanne"]
[Result "0-1"]
[WhiteElo "1598"]
[BlackElo "1383"]
[PlyCount "72"]
[GameId "2160767912586181"]
[EventDate "1988.06.17"]
[EventType "swiss"]
[EventRounds "5"]
[EventCountry "CAN"]

1. e4 e5 2. Nf3 Nc6 3. Bb5 a6 4. Ba4 Nf6 5. O-O Be7 6. Re1 b5 7. Bb3 d6 8. c3 O-O 9. h3 Bb7 10. d4 h6 11. Nbd2 Re8 12. d5 Nb8 13. Nf1 Bf8 14. Ne3 Nxe4 15. Nf5 Nf6 16. Nh2 Bc8 17. Bc2 Bxf5 18. Bxf5 Nbd7 19. Nf3 Nb6 20. Be4 Nxe4 21. Rxe4 Nd7 22. Ne1 Nf6 23. Re3 Qc8 24. Nc2 c6 25. Rf3 Qd8 26. Ne3 g6 27. Rg3 Bg7 28. Nf5 Ne4 29. Bxh6 Nxg3 30. Nxg7 Nf5 31. Nxf5 gxf5 32. Qh5 Qf6 33. Re1 Qg6 34. Qh4 f4 35. g3 f6 36. Kh1 Kf7 0-1

[Event "Amateur"]
[Site "Montreal CAN"]
[Date "1988.06.18"]
[Round "3"]
[White "Charest, Johanne"]
[Black "Dominique, Vladimir"]
[Result "0-1"]
[WhiteElo "1383"]
[BlackElo "1499"]
[PlyCount "72"]
[GameId "2160767912586182"]
[EventDate "1988.06.17"]
[EventType "swiss"]
[EventRounds "5"]
[EventCountry "CAN"]

1. e4 c5 2. Nf3 d6 3. d4 cxd4 4. Nxd4 Nf6 5. Nc3 a6 6. Be2 e5 7. Nb3 Qc7 8. Be3 Be7 9. f3 Be6 10. Qd2 Nbd7 11. O-O O-O 12. Kh1 Rfd8 13. f4 Nc5 14. f5 Nfxe4 15. Nxe4 Nxe4 16. Qd3 Bxb3 17. cxb3 d5 18. Rac1 Qa5 19. a3 Rdc8 20. b4 Qd8 21. Rcd1 Nf6 22. Bf3 e4 23. Bxe4 dxe4 24. Qe2 Qe8 25. Qf2 Ng4 26. Qg3 Nxe3 27. Qxe3 Bf6 28. Qe2 Rd8 29. Rde1 Rd7 30. Qxe4 Re7 31. Qb1 Rd8 32. Rxe7 Qxe7 33. Re1 Qd7 34. Qe4 Bxb2 35. Qe3 h6 36. h3 Qxf5 0-1

[Event "Amateur"]
[Site "Montreal CAN"]
[Date "1988.06.19"]
[Round "4"]
[White "Charest, Johanne"]
[Black "Denomme, Pierre"]
[Result "0-1"]
[WhiteElo "1383"]
[BlackElo "1530"]
[PlyCount "88"]
[GameId "2160767912586183"]
[EventDate "1988.06.17"]
[EventType "swiss"]
[EventRounds "5"]
[EventCountry "CAN"]

1. e4 c5 2. Nf3 d6 3. d4 cxd4 4. Nxd4 Nf6 5. Nc3 a6 6. Be2 e6 7. Be3 Be7 8. O-O b5 9. a3 Bb7 10. Bd3 O-O 11. f4 Qc7 12. Kh1 Nbd7 13. Rc1 Nc5 14. h3 Ncxe4 15. Nxe4 Bxe4 16. Bxe4 Nxe4 17. Qf3 d5 18. b4 Qc3 19. Ra1 Bh4 20. Kg1 Rac8 21. Rfc1 Bf6 22. Ne2 Qc4 23. Rab1 Nc3 24. Nxc3 Qxc3 25. Rb3 Qc4 26. Bc5 Bd4+ 27. Bxd4 Qxd4+ 28. Kh1 Rc4 29. Rd3 Qxf4 30. Qxf4 Rxf4 31. Kg1 Rc4 32. Kf2 Rfc8 33. c3 f6 34. Ke2 Kf7 35. Kd2 Rd8 36. g3 e5 37. g4 d4 38. cxd4 Rxc1 39. Kxc1 Rxd4 40. Rxd4 exd4 41. Kd2 Ke6 42. Kd3 Kd5 43. h4 g6 44. g5 f5 0-1

[Event "Amateur"]
[Site "Montreal CAN"]
[Date "1988.06.19"]
[Round "5"]
[White "Rosen, Matthew"]
[Black "Charest, Johanne"]
[Result "1-0"]
[WhiteElo "1472"]
[BlackElo "1387"]
[PlyCount "61"]
[GameId "2160767912586184"]
[EventDate "1988.06.17"]
[EventType "swiss"]
[EventRounds "5"]
[EventCountry "CAN"]

1. d4 d5 2. c4 c6 3. Nf3 Nf6 4. Nc3 e6 5. e3 Bd6 6. Bd3 dxc4 7. Bxc4 O-O 8. e4 Bb4 9. Qc2 Nbd7 10. e5 Nd5 11. Ng5 g6 12. Nge4 Re8 13. Bg5 Be7 14. Bxe7 Nxe7 15. Qd2 Nf8 16. Nf6+ Kg7 17. h4 Nf5 18. h5 Re7 19. hxg6 fxg6 20. Qg5 Kh8 21. Ng4 b6 22. Qf6+ Kg8 23. Bd3 Nd7 24. Qg5 Nxd4 25. Ne4 c5 26. Qh6 Nf5 27. Ngf6+ Nxf6 28. Nxf6+ Kf7 29. Qxh7+ Ng7 30. Bxg6+ Kf8 31. Qg8# 1-0

[Event "Avonlea Days op"]
[Site "PEI CAN"]
[Date "1988.??.??"]
[Round "?"]
[White "Jones, Phil"]
[Black "Peckford, William"]
[Result "0-1"]
[WhiteElo "1824"]
[BlackElo "2142"]
[PlyCount "62"]
[GameId "2160767912583340"]
[EventDate "1988.??.??"]
[EventType "swiss"]
[EventRounds "5"]
[EventCountry "CAN"]
[SourceTitle "CFC 1988.10"]

1. e4 c5 2. Nf3 d6 3. d4 cxd4 4. Nxd4 Nf6 5. Nc3 g6 6. Bb5+ Bd7 7. Bxd7+ Nbxd7 8. O-O Bg7 9. Qd3 O-O 10. Nd5 Ne5 11. Nxf6+ Bxf6 12. Qg3 Nc4 13. Nf5 Kh8 14. Nh6 Qa5 15. c3 d5 16. Re1 dxe4 17. Rxe4 Rad8 18. Re1 Bg7 19. Qh4 Qc5 20. Qe4 Nd2 21. Qf4 e5 22. Nxf7+ Kg8 23. Qg5 h6 24. Nxh6+ Bxh6 25. Qxg6+ Bg7 26. Qe6+ Rf7 27. Re2 Rd6 28. Qg4 Nb3 29. Be3 Nxa1 30. Bxc5 Rd1+ 31. Re1 Rxe1# 0-1

[Event "Beloeil"]
[Site "Beloeil CAN"]
[Date "1988.02.14"]
[Round "1"]
[White "Berube, Richard"]
[Black "Weston, Paul"]
[Result "1-0"]
[WhiteElo "2101"]
[BlackElo "1812"]
[PlyCount "95"]
[GameId "2160767912586550"]
[EventDate "1988.02.14"]
[EventType "swiss"]
[EventRounds "5"]
[EventCountry "CAN"]
[SourceTitle "hb 2012"]

1. d4 e6 2. c4 f5 3. g3 Nf6 4. Bg2 Be7 5. Nf3 O-O 6. O-O d6 7. b3 Qe8 8. Bb2 Qh5 9. Nbd2 Nbd7 10. Qc2 c5 11. e3 Rb8 12. a4 a5 13. Bc3 b6 14. dxc5 dxc5 15. Ne5 Nxe5 16. Bxe5 Ng4 17. Nf3 Bb7 18. Bxb8 Bxf3 19. h3 Rxb8 20. Bxf3 Qxh3 21. Bxg4 Qxg4 22. Kg2 e5 23. Qd1 Qe4+ 24. Qf3 Qxf3+ 25. Kxf3 Kf7 26. Rad1 Rb7 27. e4 Ke6 28. Rh1 fxe4+ 29. Kxe4 h6 30. Rd5 Bf6 31. Rhd1 Ke7 32. Rd6 Ke8 33. Re6+ Kf7 34. Rc6 Be7 35. Rd5 Rb8 36. Rxe5 Bd8 37. Rd5 Ke8 38. Kf5 Kf8 39. Rd7 Be7 40. Kg6 Bf6 41. Rdc7 Bd4 42. Rc8+ Rxc8 43. Rxc8+ Ke7 44. f4 Kd7 45. Rb8 Kc7 46. Rg8 Kd6 47. Rd8+ Ke6 48. Rb8 1-0

[Event "Beloeil CC-ch"]
[Site "Beloeil CAN"]
[Date "1988.09.24"]
[Round "1"]
[White "Morin, Louis"]
[Black "Saint-Roch, Patrick"]
[Result "1-0"]
[WhiteElo "1980"]
[BlackElo "1620"]
[PlyCount "67"]
[GameId "2160767912520280"]
[EventDate "1988.09.24"]
[EventType "tourn"]
[EventRounds "12"]
[EventCountry "CAN"]
[SourceTitle "hb 2012"]

1. e4 e5 2. Nf3 Nc6 3. Bb5 a6 4. Bxc6 dxc6 5. O-O Bg4 6. h3 h5 7. d3 Qf6 8. Nbd2 Bc5 9. Nc4 Bd6 10. Be3 O-O-O 11. hxg4 hxg4 12. Nh2 Kb8 13. Qxg4 Ne7 14. Bg5 Qg6 15. Bxe7 Rxh2 16. Qxg6 Rdh8 17. g3 fxg6 18. Nxd6 cxd6 19. Bh4 g5 20. Kxh2 gxh4 21. gxh4 Rxh4+ 22. Kg3 Rh6 23. Rh1 Rg6+ 24. Kf3 Ka7 25. Rag1 Rf6+ 26. Ke3 d5 27. Rxg7 d4+ 28. Ke2 c5 29. Rhh7 Rb6 30. b3 a5 31. Re7 a4 32. Rxe5 axb3 33. axb3 Rb5 34. Ree7 1-0

[Event "Beloeil CC-ch"]
[Site "Beloeil CAN"]
[Date "1988.09.29"]
[Round "2"]
[White "Lagasse, Pascal"]
[Black "Morin, Louis"]
[Result "0-1"]
[WhiteElo "1910"]
[BlackElo "1980"]
[PlyCount "86"]
[GameId "2160767912520281"]
[EventDate "1988.09.24"]
[EventType "tourn"]
[EventRounds "12"]
[EventCountry "CAN"]
[SourceTitle "hb 2013"]

1. e4 e5 2. Nc3 Nf6 3. f4 d5 4. fxe5 Nxe4 5. d3 Nxc3 6. bxc3 Nc6 7. Nf3 Be7 8. d4 O-O 9. Bd3 f6 10. exf6 Bxf6 11. O-O Bg4 12. Ba3 Be7 13. Bxe7 Qxe7 14. Rb1 b6 15. Qe1 Qxe1 16. Rbxe1 Bxf3 17. Rxf3 Rxf3 18. gxf3 Rf8 19. Kf2 Kf7 20. Kg3 Ne7 21. c4 c6 22. Re5 Kf6 23. h4 h6 24. Kg4 Rd8 25. f4 Rd6 26. a3 Kf7 27. Kf3 Kf6 28. Kg4 Kf7 29. cxd5 cxd5 30. c4 Kf6 31. cxd5 Rxd5 32. Bc4 Rd6 33. h5 b5 34. Bb3 a6 35. Ba2 Rb6 36. f5 Rd6 37. Re6+ Rxe6 38. Bxe6 Nc6 39. d5 Ne5+ 40. Kf4 Nc4 41. Ke4 Ke7 42. a4 bxa4 43. Kd4 a3 0-1

[Event "Beloeil CC-ch"]
[Site "Beloeil CAN"]
[Date "1988.10.11"]
[Round "3"]
[White "Morin, Louis"]
[Black "Weston, Paul"]
[Result "1/2-1/2"]
[WhiteElo "1980"]
[BlackElo "1880"]
[PlyCount "110"]
[GameId "2160767912520282"]
[EventDate "1988.09.24"]
[EventType "tourn"]
[EventRounds "12"]
[EventCountry "CAN"]
[SourceTitle "hb 2013"]

1. e4 c6 2. d4 d5 3. Nc3 dxe4 4. Nxe4 Nd7 5. Bf4 Ngf6 6. Bd3 Nxe4 7. Bxe4 Nf6 8. Bf3 Bf5 9. Ne2 e6 10. Ng3 Bg6 11. O-O Be7 12. c4 O-O 13. Qd2 Qd7 14. Rad1 Rfd8 15. Rfe1 Rac8 16. h4 h6 17. h5 Bh7 18. Qe3 b5 19. d5 cxd5 20. cxd5 Bc5 21. dxe6 Qxd1 22. exf7+ Kf8 23. Bxd1 Bxe3 24. Bxe3 a6 25. Bb3 Bd3 26. Be6 Rc6 27. Bd2 Rxe6 28. Rxe6 Kxf7 29. Rxa6 Bc4 30. Rxf6+ Kxf6 31. b3 Bd3 32. a4 Kf7 33. axb5 Bxb5 34. Be3 Rd1+ 35. Kh2 Rb1 36. Nf5 Rxb3 37. Bd4 Bd3 38. Nxg7 Rb4 39. Bc3 Rg4 40. Kh3 Rxg7 41. Bxg7 Kxg7 42. f4 Bf1 43. Kh2 Be2 44. Kh3 Bxh5 45. g4 Be8 46. Kh4 Kg6 47. Kg3 Kf7 48. Kh3 Ke6 49. Kh4 Bf7 50. Kg3 Kd5 51. g5 h5 52. f5 Ke5 53. g6 Be8 54. Kh4 Kxf5 55. Kxh5 Bxg6+ 1/2-1/2

[Event "Beloeil CC-ch"]
[Site "Beloeil CAN"]
[Date "1988.10.23"]
[Round "4"]
[White "Morin, Louis"]
[Black "Rodriguez, Jerome"]
[Result "1/2-1/2"]
[WhiteElo "1980"]
[BlackElo "1680"]
[PlyCount "96"]
[GameId "2160767912520283"]
[EventDate "1988.09.24"]
[EventType "tourn"]
[EventRounds "12"]
[EventCountry "CAN"]
[SourceTitle "hb 2013"]

1. e4 d6 2. d4 Nf6 3. Nc3 g6 4. f4 Bg7 5. Nf3 O-O 6. Bd3 Bg4 7. h3 Bxf3 8. Qxf3 Nc6 9. Be3 e5 10. dxe5 dxe5 11. O-O-O Qe7 12. Qf2 b6 13. Bb5 exf4 14. Bxb6 cxb6 15. Bxc6 Rac8 16. Nd5 Qe5 17. Qd4 Qxd4 18. Ne7+ Kh8 19. Rxd4 Rc7 20. e5 Rxe7 21. exf6 Bxf6 22. Rd7 Rxd7 23. Bxd7 Rd8 24. Rd1 Bg5 25. Kb1 f5 26. c4 Be7 27. Kc2 Kg7 28. a3 Kf6 29. Rd5 Kg5 30. Kd3 Kh4 31. Ke2 Kg3 32. Kf1 f3 33. gxf3 Kxf3 34. Bc6 Rxd5 35. Bxd5+ Kg3 36. Bg8 g5 37. Bxh7 f4 38. Bf5 a5 39. b3 Bxa3 40. Bg4 f3 41. Be6 f2 42. Bd7 Bc5 43. Be6 Kf3 44. Bg4+ Ke3 45. Bd7 Kd2 46. Bc6 Kc3 47. Ba4 Kb2 48. Ke2 Kc3 1/2-1/2

[Event "Beloeil CC-ch"]
[Site "Beloeil CAN"]
[Date "1988.10.23"]
[Round "5"]
[White "Wenaas, Eric"]
[Black "Morin, Louis"]
[Result "1/2-1/2"]
[WhiteElo "2050"]
[BlackElo "1980"]
[PlyCount "76"]
[GameId "2160767912520284"]
[EventDate "1988.09.24"]
[EventType "tourn"]
[EventRounds "12"]
[EventCountry "CAN"]
[SourceTitle "hb 2013"]

1. e4 e5 2. Bc4 Nf6 3. d3 Nc6 4. f4 d6 5. Nf3 Be7 6. O-O exf4 7. Bxf4 O-O 8. Nc3 Bg4 9. Qd2 Qd7 10. Rae1 Rae8 11. d4 Qd8 12. e5 dxe5 13. dxe5 Qxd2 14. Nxd2 Bc5+ 15. Kh1 Nd7 16. e6 Bxe6 17. Bxe6 Rxe6 18. Rxe6 fxe6 19. Bxc7 Rxf1+ 20. Nxf1 Nb4 21. Nd2 Nxc2 22. Nde4 Be7 23. Nb5 a6 24. Nbd6 Bxd6 25. Bxd6 h6 26. Kg1 Nd4 27. Kf2 Nc6 28. Ke3 Kf7 29. Ba3 Nde5 30. Nd6+ Kg6 31. Nxb7 Nc4+ 32. Ke4 Nxa3 33. bxa3 Kf6 34. Nc5 a5 35. Nb3 Ke7 36. Nc5 Kd6 37. Nb7+ Kd7 38. Nc5+ Kd6 1/2-1/2

[Event "Beloeil CC-ch"]
[Site "Beloeil CAN"]
[Date "1988.11.27"]
[Round "8"]
[White "Weston, Paul"]
[Black "Morin, Louis"]
[Result "1/2-1/2"]
[WhiteElo "1880"]
[BlackElo "1980"]
[PlyCount "65"]
[GameId "2160767912520286"]
[EventDate "1988.09.24"]
[EventType "tourn"]
[EventRounds "12"]
[EventCountry "CAN"]
[SourceTitle "hb 2013"]

1. Nf3 d5 2. g3 c5 3. Bg2 Nc6 4. d4 e6 5. O-O Nf6 6. Bg5 h6 7. Bxf6 Qxf6 8. c3 Bd6 9. e3 O-O 10. Nbd2 cxd4 11. cxd4 b6 12. a3 Bb7 13. Qe2 Rfc8 14. Rfc1 Rc7 15. Rc2 Rac8 16. Rac1 Qd8 17. b4 Ne7 18. Nb1 Ba6 19. Qd2 Rxc2 20. Rxc2 Rxc2 21. Qxc2 Qc8 22. Qxc8+ Nxc8 23. Nc3 Bc4 24. Bf1 a5 25. bxa5 Bxf1 26. Kxf1 bxa5 27. Nb5 Kf8 28. Ke2 Ke7 29. Kd3 Nb6 30. Nd2 Kd7 31. Nb3 Nc4 32. Nxd6 Kxd6 33. Nc5 1/2-1/2

[Event "Beloeil CC-ch"]
[Site "Beloeil CAN"]
[Date "1988.12.05"]
[Round "9"]
[White "Rodriguez, Jerome"]
[Black "Morin, Louis"]
[Result "1/2-1/2"]
[WhiteElo "1680"]
[BlackElo "1980"]
[PlyCount "59"]
[GameId "2160767912520287"]
[EventDate "1988.09.24"]
[EventType "tourn"]
[EventRounds "12"]
[EventCountry "CAN"]
[SourceTitle "hb 2013"]

1. d4 d5 2. c4 e6 3. Nc3 c5 4. cxd5 exd5 5. Nf3 Nc6 6. g3 Nf6 7. Bg2 Be7 8. O-O O-O 9. Bg5 Be6 10. Rc1 h6 11. Bxf6 Bxf6 12. dxc5 d4 13. Ne4 Be7 14. Qa4 Qd5 15. Nfd2 Qxa2 16. Qb5 Qa5 17. Qxa5 Nxa5 18. b4 Nc6 19. b5 Nb4 20. Rb1 Nd5 21. Nc4 Nf4 22. gxf4 Bxc4 23. Rfd1 Bxe2 24. Rxd4 Rfd8 25. Nd6 Bxd6 26. cxd6 Rd7 27. Bh3 Rdd8 28. Kg2 a6 29. bxa6 Rxa6 30. Rxb7 1/2-1/2